000 00286nam a22001217a 4500
041 _aENG
100 _aBoyd .J.S
245 _aPractical Farm Buildings A Text And Handbook
260 _alilllinois
_bThe Interstatate
_c1973
300 _a265
650 _aAPE
856 _uAPE ( 02 )
999 _c1650
_d1650